Statistics for Game of Thrones Characters by Screen Time

Click here to take the quiz!

General Stats

  • This quiz has been taken 34,932 times
    (25,872 since last reset)
  • The average score is 21 of 33

Answer Stats

Minutes Character % Correct
338Jon Snow
99%
337Tyrion Lannister
95%
276Daenerys Targaryen
94%
224Arya Stark
94%
236Cersei Lannister
93%
239Sansa Stark
92%
199Jaime Lannister
92%
100Ned Stark
87%
77Robb Stark
86%
99Bran Stark
83%
119Petyr Baelish
76%
70Joffrey Baratheon
74%
95Sandor Clegane
73%
83Catelyn Stark
70%
78Tywin Lannister
70%
144Samwell Tarly
69%
136Theon Greyjoy
65%
94Varys
64%
143Jorah Mormont
64%
74Stannis Baratheon
61%
98Brienne of Tarth
59%
78Margaery Tyrell
58%
66Ramsay Bolton
52%
69Melisandre
49%
75Bronn
43%
110Davos Seaworth
42%
62Missandei
39%
55Tormund Giantsbane
31%
51Ygritte
28%
55Gilly
25%
45Podrick Payne
24%
47Shae
20%
46Daario Naharis
20%

Score Distribution

Percentile by Number Answered

Percent of People with Each Score

Your Score History

You have not taken this quiz since the last reset